| 000 | 00588nam a2200205Ia 4500 | ||
|---|---|---|---|
| 003 | IN-BaIIA | ||
| 008 | 211028s9999 xx 000 0 eng d | ||
| 020 | _a0-8247-6388-2 | ||
| 040 | _cIIA Library | ||
| 080 |
_a519.6 _bREM |
||
| 100 |
_aRembold, Ulrich _910077 |
||
| 245 | 0 |
_aComputers in manufacturing _cUlrich Rembold, Mahesh K. Seth and Jeremy S. Weinstein. |
|
| 260 |
_aNew York _bMarcel Dekker _c1977 |
||
| 300 | _axi, 574p. | ||
| 650 |
_aComputers _92283 |
||
| 650 | _aNASA thesaurus | ||
| 700 |
_aSeth, Mahesh K. _910078 |
||
| 700 |
_aWeinstein, Jeremy S. _910079 |
||
| 942 | _cBK | ||
| 999 |
_c5821 _d5821 |
||